| 000 | 00543nam a22002057a 4500 | ||
|---|---|---|---|
| 001 | 51443 | ||
| 003 | BD-RjUL | ||
| 005 | 20221129132045.0 | ||
| 008 | 160831s1953 enka|||| |||| 00| 0 eng d | ||
| 035 | _a(BD-RjUL) 51563 | ||
| 040 |
_aBD-RjUL _beng _cBD-RjUL _dBD-RjUL |
||
| 041 | _aeng | ||
| 082 |
_223 _a515 _bCAE 1953 |
||
| 100 |
_aCaunt, G. W. _9153332 |
||
| 245 |
_aElementary Calculas / _cG. W. Caunt |
||
| 260 |
_aOxford : _bClarender Press, _c1953. |
||
| 300 |
_a388 p. : _bill ; _c24 cm. |
||
| 650 |
_aCalculas _9132935 |
||
| 942 |
_2ddc _cBK |
||
| 999 |
_c51443 _d51443 |
||